000 00307nam a2200121Ia 4500
008 190216s9999||||xx |||||||||||||| ||und||
100 _aKudesia & Jetley
245 0 _aEnvironment And Biochemistry
260 _bPragathi Prakashan
_c1991
300 _a205p
650 _aChemistry-Chemistry
942 _cBK
999 _c2965
_d2965